Theory and practice of social studies curriculum in Nigeria (Record no. 3831)

MARC details
000 -LEADER
fixed length control field 00377nam a22001337a 4500
008 - FIXED-LENGTH DATA ELEMENTS--GENERAL INFORMATION
fixed length control field 250610b |||||||| |||| 00| 0 eng d
020 ## - INTERNATIONAL STANDARD BOOK NUMBER
ISBN 9789789162031
100 ## - MAIN ENTRY--AUTHOR
Author Ndam Emmanuel Danladi
245 ## - TITLE STATEMENT
Title Theory and practice of social studies curriculum in Nigeria
260 ## - PUBLICATION, DISTRIBUTION, ETC. (IMPRINT)
Place of publication Abuja
Name of publisher Chartered graphics press
Date of publication 2011
300 ## - COLLATION
Pagination 203p
942 ## - ADDED ENTRY ELEMENTS (KOHA)
Item type Books
050 ## - LIBRARY OF CONGRESS CALL NUMBER
Classification number LB 1584
Item number .N33
Holdings
Source of classification or shelving scheme Not for loan Permanent location Current location Date acquired Accession No. Full call number Barcode. Koha item type
Library of Congress Classification   Samuel Ogbemudia Main Library, University of Abuja Samuel Ogbemudia Main Library, University of Abuja 06/10/2025 2023/61375 LB 1584 .N33 2025-2467 Books
Library of Congress Classification   Samuel Ogbemudia Main Library, University of Abuja Samuel Ogbemudia Main Library, University of Abuja 06/10/2025 2023/61375 LB 1584 .N33 2025-2468 Books
Library of Congress Classification   Samuel Ogbemudia Main Library, University of Abuja Samuel Ogbemudia Main Library, University of Abuja 06/10/2025 2023/61375 LB 1584 .N33 2025-2469 Books
Library of Congress Classification   Samuel Ogbemudia Main Library, University of Abuja Samuel Ogbemudia Main Library, University of Abuja 06/10/2025 2023/61375 LB 1584 .N33 2025-2470 Books